<?xml version="1.0" encoding="UTF-8"?>
<record
    xmlns:xsi="http://www.w3.org/2001/XMLSchema-instance"
    xsi:schemaLocation="http://www.loc.gov/MARC21/slim http://www.loc.gov/standards/marcxml/schema/MARC21slim.xsd"
    xmlns="http://www.loc.gov/MARC21/slim">

  <leader>00661nam a2200145 a 4500</leader>
  <controlfield tag="001">ASINB007KAC9FC</controlfield>
  <controlfield tag="005">20150413000914.0</controlfield>
  <controlfield tag="008">150413s1959    xxu                 eng d</controlfield>
  <datafield tag="100" ind1="1" ind2=" ">
    <subfield code="a">Schwartz, Mischa.</subfield>
  </datafield>
  <datafield tag="245" ind1="1" ind2="0">
    <subfield code="a">Information transmission, modulation, and noise /</subfield>
    <subfield code="c">Mischa Schwartz.</subfield>
  </datafield>
  <datafield tag="260" ind1=" " ind2=" ">
    <subfield code="a">[S.l.] :</subfield>
    <subfield code="b">McGraw Hill,</subfield>
    <subfield code="c">1959.</subfield>
  </datafield>
  <datafield tag="300" ind1=" " ind2=" ">
    <subfield code="a">461 p. ;</subfield>
    <subfield code="c">18 cm.</subfield>
  </datafield>
  <datafield tag="520" ind1=" " ind2=" ">
    <subfield code="a">Very Good to Like New condition. Name written inside along with name stamped on exterior pages. Dust jacket is missing. Boards are in Like New condition. Text is perfect. Same day shipping.</subfield>
  </datafield>
  <datafield tag="856" ind1="4" ind2="0">
    <subfield code="3">Amazon.com</subfield>
    <subfield code="u">http://www.amazon.com/exec/obidos/ASIN/B007KAC9FC/chopaconline-20</subfield>
  </datafield>
  <datafield tag="999" ind1=" " ind2=" ">
    <subfield code="c">12965</subfield>
    <subfield code="d">12965</subfield>
  </datafield>
  <datafield tag="952" ind1=" " ind2=" ">
    <subfield code="0">0</subfield>
    <subfield code="1">0</subfield>
    <subfield code="4">0</subfield>
    <subfield code="7">0</subfield>
    <subfield code="a">BB</subfield>
    <subfield code="b">BB</subfield>
    <subfield code="d">2020-02-12</subfield>
    <subfield code="g">87.00</subfield>
    <subfield code="l">0</subfield>
    <subfield code="o">SCH</subfield>
    <subfield code="p">B1374</subfield>
    <subfield code="r">2015-04-13 00:00:00</subfield>
    <subfield code="w">2015-04-13</subfield>
    <subfield code="y">BK</subfield>
  </datafield>
</record>
